00435cam a2200157ua 45000010005000000080039000050400009000440820010000531000024000632450066000872500009001532600037001623000017001996530017002166530044002333495111115n ii |||gr||||Z||||||asm cMAIN a294.5 aMahanta, Arundhati,11aKrsnara kramabikasa aru asamiya sahityacby Arundhati Mahanta a1st. aGuwahati:bKinjalik Prakash,998. a232p:c23cm. aSacred books aKrsnara kramabikasa aru asamiya sahitya